00202 a2200109 4500001000700000020000600007040001100013100001600024240002400040245001900064362000900083168960 a  cMagnum aKerr, Lewis10aMission apollolING10aMission apollo0 a1899